Countries Closest to Honduras - Statistics

General Stats
  • This quiz has been taken 47 times
    39 since last reset
  • The average score is 12 of 13
Answer Stats
Distance Overseas Territory Answer % Correct
971 United States
100%
0 Guatemala
96%
177 Mexico
96%
0 Nicaragua
96%
599 Cuba
93%
0 El Salvador
93%
564 Panama
93%
68 Belize
89%
249 Costa Rica
89%
622 Jamaica
89%
260 Colombia
86%
996 Haiti
86%
493 United Kingdom
57%
No matching quizzes found
Score Distribution
Percent of People with Each Score
Percentile by Number Answered
Your Score History
You have not taken this quiz since the last reset